00854nam a22002537a 450000500170000001000130001702000220003003500130005203700160006504000120008108200160009324500660010924600060017526000380018127000430021930000280026250000510029065000260034165000300036770000310039794200250042899900190045395201280047220170124110242.0 aB-160379 c00.00a8185026688 aB-160379 bCen Lib/Ret aDPLbEN a954.61bNEP aNepal, old images, new insights /cedited by Pratapaditya Pal b  aMumbai bMarg Publications c2004 bMumbai a24, Homi mody street e400001 a148p. :c30cm(Hb)bill. aIncludes bibliographical references and index  a Art, Nepali. 930128 aSculpture, Nepali.995464 aPal, Pratapaditya 995465 2ddccENh954.61mNEP c135238d135238 001040718REFaLbLd2015-10-03eCen Lib/Retg0.00l0o954.61 NEPpB-160379r2015-10-03 00:00:00t1v0.00w2016-09-15yEN